| 000 | 00609nam a22002057a 4500 | ||
|---|---|---|---|
| 005 | 20260219065453.0 | ||
| 008 | 221111b |||||||| |||| 00| 0 eng d | ||
| 020 | _a928-1-98462-322-5 | ||
| 082 | _a647.95 T531 2019 | ||
| 110 |
_a3G Elearning _dauthor _9285 |
||
| 245 |
_aBanquet function and catering service procedures / _c3G Elearning |
||
| 250 | _a2nd ed. | ||
| 260 |
_aNew York: _b3G Elearning, _cc2019. |
||
| 300 |
_axiv, 316p.: _bcol. ill.; w/ DVD |
||
| 504 | _aIncludes index and references | ||
| 541 | _e6316 | ||
| 650 |
_aDining _9286 |
||
| 650 |
_aCatering _9287 |
||
| 650 |
_aFood service _9241 |
||
| 999 |
_c202 _d202 |
||